000 00582nam a2200205Ia 4500
005 20250326143538.0
008 250326s9999 xx 000 0 und d
020 _a0-07-060160-7
037 _aTextbook
040 _aFMSL
_beng
_cFMSL
041 _aeng
_2eng
084 _aX:8y7 P5
_qFMSL
100 _aThomas C R
_9743314
245 0 _aManagerial economics: concepts and applications
_cThomas C R; Maurice S C
250 _a8
260 _aNew Delhi
_bNew Delhi, Tata McGraw-Hill
_c2005
300 _a748p
942 _cTB
_hX:8y7 P5
999 _c1300038
_d1300038